000 00460nam a2200169 a 4500
005 20140412111244.0
008 010809s19uu xx 00 eng d
020 _a0-951-16520-9
050 _aM 158.1
_bC567 2000
100 _aClason, George S.
245 _aThe richest man in Babylon /
_cby George S. Clason.
260 _aEngland :
_b[s.n.],
_c2000.
300 _a1v. (unp.) ; ill.
650 _aPositive thinking
650 _aWealth
999 _c102845
_d102845